Bất đẳng thức mũ cho quá trình Martingale và ứng dụng : Luận văn tốt nghiệp Cao học. Chuyên ngành Lý thuyết xác suất và Thống kê toán học
Trình bày một số lý thuyết xác suất cơ bản, bất đẳng thức mũ cho quá trình martingale, ứng dụng ước lượng hợp lý cho quá trình đếm và một số mô hình ứng dụng.
Đã lưu trong:
| 主要作者: | |
|---|---|
| 格式: | 图书 |
| 语言: | Undetermined |
| 出版: |
Cần Thơ
Trường Đại học Cần Thơ
2017
|
| 主题: | |
| 标签: |
添加标签
没有标签, 成为第一个标记此记录!
|
| Thư viện lưu trữ: | Trung tâm Học liệu Trường Đại học Cần Thơ |
|---|
| LEADER | 01075nam a2200205Ia 4500 | ||
|---|---|---|---|
| 001 | CTU_224862 | ||
| 008 | 210402s9999 xx 000 0 und d | ||
| 082 | |a 519.236 | ||
| 082 | |b A105 | ||
| 100 | |a Trần, Dân An | ||
| 245 | 0 | |a Bất đẳng thức mũ cho quá trình Martingale và ứng dụng : | |
| 245 | 0 | |b Luận văn tốt nghiệp Cao học. Chuyên ngành Lý thuyết xác suất và Thống kê toán học | |
| 245 | 0 | |c Trần Dân An ; Lâm Hoàng Chương (Cán bộ hướng dẫn) | |
| 260 | |a Cần Thơ | ||
| 260 | |b Trường Đại học Cần Thơ | ||
| 260 | |c 2017 | ||
| 520 | |a Trình bày một số lý thuyết xác suất cơ bản, bất đẳng thức mũ cho quá trình martingale, ứng dụng ước lượng hợp lý cho quá trình đếm và một số mô hình ứng dụng. | ||
| 650 | |a Martingales (Toán học),Martingales (Mathematics) | ||
| 910 | |b nthai | ||
| 980 | |a Trung tâm Học liệu Trường Đại học Cần Thơ | ||